000 00229 a2200097 4500
001 15831
100 _aBelore,
245 _aSystems & Circuts for elect Engg Technology
260 _aLondon
_bMc Graw Hil
_c
090 _c12380
_d12380
942 _aNUST-CAE
_cM
_c2648
999 _c250904
_d250904